00419nam a22001457a 4500003000400000008004100004020001800045082001400063100004600077245007300123250001300196260004100209300001100250650001200261OSt250926b |||||||| |||| 00| 0 eng d a9781398624269 a658.8 KAL aKAPFERER, Jean-Noël and BASTIN, Vincent aLuxury Strategy :Break the Rules of Marketing to Build Luxury Brands a3rd. ed. aLondon,bKogan Page Limited,c2025,  a450 p. aB. FAD.